header

Getting acquainted in conversation (Record no. 11145)

MARC details
000 -LEADER
fixed length control field 01274nam a22003134a 4500
082 04 - DEWEY DECIMAL CLASSIFICATION NUMBER
Classification number 306.44
100 1# - MAIN ENTRY--AUTHOR NAME
Personal name Svennevig, Jan.
245 10 - TITLE STATEMENT
Title Getting acquainted in conversation
260 ## - PUBLICATION, DISTRIBUTION, ETC. (IMPRINT)
Place of publication Amsterdam ;
-- Philadelphia :
Name of publisher J. Benjamins Pub. Co.,
Year of publication c1999.
300 ## - PHYSICAL DESCRIPTION
Number of Pages x, 383 p.
490 1# - SERIES STATEMENT
Series statement Pragmatics & beyond,
650 #0 - SUBJECT ADDED ENTRY--TOPICAL TERM
Topical Term Conversation analysis.
856 40 - ELECTRONIC LOCATION AND ACCESS
Uniform Resource Identifier http://site.ebrary.com/lib/rucke/Doc?id=10014724

No items available.

© 2026 Rongo University
Contact us: librarian | system librarian | Rongo university